LEADER 01312nam0 22002891i 450 001 UON00074743 005 20231205102405.438 010 $a08-16-10892-7 100 $a20020107d1973 |0itac50 ba 101 $aeng 102 $aUS 105 $a||||a ||||| 200 1 $aAfrica south of the Sahara$eIndex to periodical literature. First Supplement$fCompiled in the African Section, General Reference and Bibliography Division, Reference Department, Library of Congress 210 $aBoston$cG.K. Hall & Co$d1973 215 $alxxvii, 521 p.$d34 cm 316 $a*data inesatta *loc. in sala di lettura$5IT-UONSI GEN AfrIC/001 606 $aAfrica Subsahariana$xBibliografia$xPeriodici$3UONC019007$2FI 620 $aUS$dBoston$3UONL000139 676 $a011.34$cBIBLIOGRAFIE DI PERIODICI$v21 710 02$aLIBRARY OF CONGRESS$bAfrican Section$3UONV049091$0659586 712 $aHall & Co.$3UONV259333$4650 801 $aIT$bSOL$c20240220$gRICA 899 $aSIBA - SISTEMA BIBLIOTECARIO DI ATENEO$2UONSI 912 $aUON00074743 950 $aSIBA - SISTEMA BIBLIOTECARIO DI ATENEO$dSI GEN Afr I C 001 $eSI AA 6521 7 001 *data inesatta *loc. in sala di lettura 996 $aAfrica south of the Sahara$91164963 997 $aUNIOR LEADER 01336nam0 22003251i 450 001 UON00425212 005 20231205104844.360 011 $a1036-0808 100 $a20130527d2001 |0itac50 ba 101 $aeng 102 $aAU 105 $a|||| ||||| 200 1 $aExplorations in valency in Austronesian languages$fedited by Peter Austin, Barry Blake, Margaret Florey 210 $aBundoora$eAustralia$cLa Trobe University$d2001 215 $av, 231 p$d21 cm 316 $aDono Prof. Banti$5IT-UONSI GLOTTC 8II/005 606 $aLingue austronesiane$3UONC006378$2FI 620 $dBUNDOORA (AUSTRALIA)$3UONL005113 676 $a499.5$cLINGUE AUSTRONESIANE$v21 700 1$aAUSTIN$bPeter$3UONV216349$0711117 701 1$aBLAKE$bBarry$3UONV216350$0711118 701 1$aFLOREY$bMargaret$3UONV216351$0711119 712 $aLA TROBE UNIVERSITY$3UONV280516$4650 801 $aIT$bSOL$c20250124$gRICA 899 $aSIBA - SISTEMA BIBLIOTECARIO DI ATENEO$2UONSI 912 $aUON00425212 950 $aSIBA - SISTEMA BIBLIOTECARIO DI ATENEO$dSI GLOTT C 8 II 005 $eSI 5587 5 005 Dono Prof. Banti 966 $aLINGUA CAMPA'$yLingue austronesiane$3UONC003665 996 $aExplorations in valency in Austronesian languages$91333028 997 $aUNIOR